Normal view
MARC view
- NORTON'S
Entry Personal Name
001 - CONTROL NUMBER
- control field: 81526
003 - CONTROL NUMBER IDENTIFIER
- control field: NUST
005 - DATE AND TIME OF LATEST TRANSACTION
- control field: 20210813122200.0
008 - FIXED-LENGTH DATA ELEMENTS
- fixed length control field: 210813|| aca||aabn | a|a d
040 ## - CATALOGING SOURCE
- Original cataloging agency: NUST
- Transcribing agency: NUST
100 ## - HEADING--PERSONAL NAME
- Personal name: NORTON'S
670 ## - SOURCE DATA FOUND
- Source citation: Work cat.: (NUST)31764: NORTON'S, INTRODUCTION TO COMPUTERS \, 2001.
